书目信息 |
| 题名: |
中国历史研究法
|
|
| 作者: | 梁启超 撰 ;汤志钧导读 | |
| 分册: | ||
| 出版信息: | 上海 上海古籍出版社 1998.12 |
|
| 页数: | 323页 | |
| 开本: | 20cm | |
| 丛书名: | 蓬莱阁丛书 | |
| 单 册: | ||
| 中图分类: | K061 | |
| 科图分类: | ||
| 主题词: | 历史--研究法 | |
| 电子资源: | ||
| ISBN: | 7-5325-2533-3 | |
| 000 | 00647nam2 2200229 45 | |
| 001 | 0012050919 | |
| 005 | 20041122112031.5 | |
| 010 | @a7-5325-2533-3@dCNY14.80 | |
| 100 | @a20001205d1998 km y0chiy0120 ea | |
| 101 | 0 | @achi |
| 105 | @a z 000yy | |
| 200 | 1 | @a中国历史研究法@AZhong Guo Li Shi Yan Jiu Fa@f梁启超撰@FLiang Qi Chao Zhuan@g汤志钧导读 |
| 210 | @a上海@c上海古籍出版社@d1998.12 | |
| 215 | @a323页@d20cm | |
| 225 | @a蓬莱阁丛书 | |
| 410 | @12001 @a蓬莱阁丛书 | |
| 606 | 0 | @a历史@x研究法 |
| 690 | @aK061@v1 | |
| 701 | 0 | @a梁启超@4撰 |
| 702 | 0 | @a汤志钧导读@ATang Zhi Jun Dao Du |
| 801 | @aCN@bTSTC@c20001205 | |
| 905 | @dK061@e26 | |
| 中国历史研究法/梁启超撰/汤志钧导读.-上海:上海古籍出版社,1998.12 |
| 323页;20cm.-(蓬莱阁丛书) |
| ISBN 7-5325-2533-3:CNY14.80 |
| ● |
| 相关链接 |
|
|
|
|
正题名:中国历史研究法
索取号:K061/26
 
预约/预借
| 序号 | 登录号 | 条形码 | 馆藏地/架位号 | 状态 | 备注 |
| 1 | 0293652 | 002936522 | 第二借阅区/ [索取号:K061/26] | 在馆 | |
| 2 | 0293653 | 002936531 | 第二借阅区/ [索取号:K061/26] | 在馆 | |
| 3 | 0293654 | 002936540 | 第二样本阅览室/ [索取号:K061/26] | 在馆 |